| 000 | 00917nam a2200313Mi 4500 | ||
|---|---|---|---|
| 001 | 60616 | ||
| 005 | 20230410124100.0 | ||
| 008 | 071129s2007 fr 000 0 fre d | ||
| 035 | _a(OCoLC)ocn182917228 | ||
| 040 |
_aTZT _cTZT |
||
| 020 | _a9782070785698 | ||
| 020 | _a2070785696 | ||
| 029 | 0 |
_aTZT _bJTL00214450 |
|
| 035 | _a(OCoLC)182917228 | ||
| 072 | 7 |
_aB _2lcco |
|
| 082 | 1 | 4 |
_a194 _21 |
| 049 | _aGRAL | ||
| 050 | 1 | 4 | _aM274e 2007 |
| 100 | 1 | _aManent, Pierre. | |
| 245 | 1 | 0 |
_aEnquéte sur la démocratie : _bEtudes de philosophie politique / _cPierre Manent ; avant-propos de Jean-Vincent Holeindre. |
| 260 |
_aParis : _bGallimard, _c2007. |
||
| 300 | _a472 p. | ||
| 440 | 0 |
_aTel ; _v351 |
|
| 653 |
_aPolitical philosophy _aDemocracy _a20th-21st centuries |
||
| 938 |
_aJean Touzot Libraire Editeur _bTOUZ _nJTL00214450 _c14,50 EUR |
||
| 942 |
_2lcc _cbk |
||
| 994 |
_aC0 _bDRFGD |
||
| 946 | _aLspaulino | ||
| 999 |
_c70615 _d70615 |
||